| 000 | 01227cai a22002175a 4500 | ||
|---|---|---|---|
| 001 | L159913 | ||
| 008 | 080811u xxk g 000 0 eng d | ||
| 020 | _a9781473487109 | ||
| 035 | _a(Sirsi) u159913 | ||
| 041 | 0 | _aeng | |
| 110 | 2 |
_aWelsh Government _96155 |
|
| 245 | 0 | 0 |
_aHistoric Environment Records in Wales _bcompilation and use _h[electronic resource] |
| 520 | _aStatutory guidance on how local authorities, National Park authorities and Natural Resources Wales should use historic environment records and contribute to their compilation. Explains how certain public bodies in Wales may contribute to the compilation of historic environment records and assist in keeping them up-to-date, and how they should make use of historic environment records in the exercise of their functions. | ||
| 590 | _aKA | ||
| 650 | 2 | 4 | _aHISTORIC ENVIRONMENT |
| 650 | 2 | 4 | _aHISTORIC ENVIRONMENT (WALES) ACT 2016 |
| 651 | 4 | _aWales | |
| 690 | _aBUILT ENVIRONMENT-BUILDING TYPES-ANCIENT MONUMENTS AND HISTORIC BUILDINGS | ||
| 856 | 4 | 0 |
_uhttps://cadw.gov.wales/docs/cadw/publications/historicenvironment/20170523HERs%20in%20Wales%20Compilation%20and%20Use%20-%20ENG.pdf _zView the document free of charge at cadw.gov.wales... |
| 942 | _n0 | ||
| 999 |
_c116146 _d116146 |
||